Stability of the tensile and elastic properties of rubber compounds based on different NR grades ar curing and thermal-oxidative ageing (Record no. 46477)

MARC details
000 -LEADER
fixed length control field 00506nam a2200145Ia 4500
100 ## - MAIN ENTRY--AUTHOR NAME
Personal name Karmin BK
245 #0 - TITLE STATEMENT
Title Stability of the tensile and elastic properties of rubber compounds based on different NR grades ar curing and thermal-oxidative ageing
260 ## - PUBLICATION, DISTRIBUTION, ETC. (IMPRINT)
Name of publisher Natural Rubber Conference, 28 August-5 September 1968, Kualalumpur, Malaysia
Year of publication 1968
300 ## - PHYSICAL DESCRIPTION
Number of Pages 10p
700 ## - ADDED ENTRY--PERSONAL NAME
Personal name Begunovsaya LM
700 ## - ADDED ENTRY--PERSONAL NAME
Personal name Betz GE
700 ## - ADDED ENTRY--PERSONAL NAME
Personal name Zhakova VG
942 ## - ADDED ENTRY ELEMENTS (KOHA)
Koha item type Reprints
Holdings
Withdrawn status Lost status Damaged status Not for loan Home library Current library Date acquired Koha item type
      Reprints RRII Library RRII Library 22/12/2021 Reprints